000
00204 a2200097 4500
001
3604
100
_a
Duff, C
245
_a
Basic essentials of french, the
260
_a
_b
Nelson
_c
090
_c
2868
_d
2868
942
_a
NUST-CAE
_c
M
_c
20757
999
_c
238677
_d
238677